000
00292nam a2200121Ia 4500
008
190723s9999 xx 000 0 und d
020
_a
978-81-265-5337-2
100
_a
Jason Bell
245
0
_a
Machine Learning for Big data
260
_a
Indiana
_b
Wiley
_c
2017
300
_a
380.:p
942
_c
BK
999
_c
1776
_d
1776